[Event "Salon de Provence op 12th"]
[Site "Salon de Provence"]
[Date "2022.07.15"]
[Round "9"]
[White "Tramarin, Mattteo"]
[Black "Gomez, Guy"]
[Result "0-1"]
[WhiteElo "1501"]
[BlackElo "1532"]
[PlyCount "50"]
[EventDate "2022.07.09"]
[EventType "swiss"]
[EventRounds "9"]
[EventCountry "FRA"]
[SourceTitle "CBM 209 Extra"]
[Source "ChessBase"]
[SourceDate "2022.09.30"]
[SourceVersion "1"]
[SourceVersionDate "2022.09.30"]
[SourceQuality "1"]

1. c4 c5 2. Nc3 Nf6 3. g3 Nc6 4. Bg2 e6 5. d3 d5 6. cxd5 exd5 7. Bg5 d4 8. Ne4 Be7 9. Nxf6+ Bxf6 10. Bxf6 Qxf6 11. Rc1 b6 12. b4 Rb8 13. bxc5 0-0 14. cxb6 Rxb6 15. Nf3 Nb4 16. Qd2 Be6 17. 0-0 Nxa2 18. Ra1 Ra6 19. Rfb1 Bd5 20. Rb2 Nb4 21. Rxa6 Nxa6 22. Qa5 Bxf3 23. Bxf3 g6 24. Bb7 Rb8 25. Rb5 Qd8 0-1